| Tag |
First Indicator |
Second Indicator |
Subfields |
| LEADER |
00000nam a2200000Ia 4500 |
| 001 |
in00004334721 |
| 005 |
20200812094022.0 |
| 006 |
m g d |
| 007 |
cr bn |||a|bb| |
| 008 |
090108s1684 enk o 000 0 eng d |
| 040 |
|
|
|a UMI
|c UMI
|e dcrb
|
| 035 |
|
|
|a (OCoLC)297426240
|
| 037 |
|
|
|a CL0037000130
|b ProQuest Information and Learning, 789 E. Eisenhower Parkway, Ann Arbor, MI 48108-3218
|
| 043 |
|
|
|a e-uk-en
|
| 090 |
|
|
|a HV6453.E54
|b Y67 1684
|
| 049 |
|
|
|a UMIA
|
| 245 |
0 |
4 |
|a The Yorkshire-rogue, or, Capt. Hind improv'd; :
|b in the notorious life, and infamous death, of that famous highway man, William Nevison, who was executed at York, the 15th day of March. 1684. Together, with a short account of several great robberies committed by Edward Bracy his comrade, another notorious highway-man in Nottinghamshire, who, as the country came in to apprehend him, was shot to death.
|
| 246 |
3 |
0 |
|a Capt. Hind improv'd
|
| 260 |
|
|
|a London :
|b Printed by T. Moore, and J. Ashburne for R. Boldwin [sic] in the Old-Baily,
|c 1684.
|
| 300 |
|
|
|a 1 online resource ([2], 108 pages)
|
| 336 |
|
|
|a text
|b txt
|2 rdacontent
|
| 337 |
|
|
|a computer
|b c
|2 rdamedia
|
| 338 |
|
|
|a online resource
|b cr
|2 rdacarrier
|
| 500 |
|
|
|a MS. bibliographical notes on front fly-leaves.
|
| 500 |
|
|
|a Reproduction of original in: Folger Shakespeare Library.
|
| 510 |
4 |
|
|a Wing (2nd edition)
|c Y49A
|
| 533 |
|
|
|a Electronic reproduction.
|b Ann Arbor, Mich. :
|c UMI,
|d 1999-
|f (Early English books online)
|n Digital version of: (Early English Books, 1641-1700 ; 2931:24)
|7 s1999 miun s
|
| 600 |
1 |
0 |
|a Nevison, William,
|d d. 1684
|v Early works to 1800.
|
| 600 |
1 |
0 |
|a Bracy, Edward
|v Early works to 1800.
|
| 650 |
|
0 |
|a Brigands and robbers
|z England
|v Early works to 1800.
|
| 650 |
|
0 |
|a Rogues and vagabonds
|z England
|v Early works to 1800.
|
| 650 |
|
0 |
|a Crime
|z England
|v Early works to 1800.
|
| 650 |
|
0 |
|a Criminal behavior
|z England
|v Early works to 1800.
|
| 830 |
|
0 |
|a Early English books online.
|
| 856 |
4 |
0 |
|u http://proxy.library.tamu.edu/login?url=https://search.proquest.com/docview/2240880757
|z Connect to the full text of this electronic book
|t 0
|
| 994 |
|
|
|a 02
|b UMI
|
| 999 |
f |
f |
|s 25e48034-4b38-320c-b8eb-038c03ed055c
|i 8cf1391f-fa07-3d5f-9dd1-fd29d17be1c7
|t 0
|
| 952 |
f |
f |
|a Texas A&M University
|b College Station
|c Electronic Resources
|d Available Online
|t 0
|e HV6453.E54 Y67 1684
|h Library of Congress classification
|
| 998 |
f |
f |
|a HV6453.E54 Y67 1684
|t 0
|l Available Online
|